Statistics for Every Bread song that hit the Billboard hot 100

Click here to take the quiz!

General Stats

  • This quiz has been taken 15 times
  • The average score is 6 of 13

Answer Stats

Peak Chart PositionYearSong% Correct
41971If
86%
11970Make It With You
79%
31971Baby I'm - A Want You
71%
51972Everything I Own
64%
151972Diary
57%
91977Lost Without Your Love
57%
151973Aubrey
50%
111972The Guitar Man
36%
371971Mother Freedom
29%
101970It Don't Matter To Me
21%
151972Sweet Surrender
14%
601977Hooked On You
7%
281971Let Your Love Go
7%

Score Distribution

Percentile by Number Answered

Percent of People with Each Score

Your Score History

You have not taken this quiz